|
|
|
|
| LEADER |
00000nam a22000007a 4500 |
| 005 |
20220217184847.0 |
| 007 |
cr|||| |||| |
| 008 |
220217s2009 co |||||s|||| 00||0 spa d |
| 020 |
|
|
|a 9781449279400
|
| 035 |
|
|
|a 35851
|
| 040 |
|
|
|a vLex
|
| 090 |
|
|
|c 13020
|d 13020
|
| 100 |
1 |
|
|a Marcuse, Robert
|
| 245 |
1 |
0 |
|a Diccionario de třminos financieros y bancarios
|h [Recurso electrn̤ico] /
|c Robert Marcuse
|
| 256 |
|
|
|a Servicio en ln̕ea
|
| 260 |
|
|
|a Bogot:̀
|b ECOE,
|c 2009
|
| 300 |
|
|
|a 1 recurso electrn̤ico
|
| 506 |
1 |
|
|a Disponible solo en los productos indicados
|d vLex Global
|d vLex Global (Academic Edition, excluding Law Schools)
|d vLex Global (U.S. Academic Edition, Law Schools)
|d vLex Global (U.S. Academic Edition, excluding Law Schools)
|d vLex Global (Academic Edition, Law Schools)
|
| 650 |
0 |
4 |
|a Economa̕ y negocios
|z Colombia
|
| 740 |
0 |
|
|a vLex Libros (Servicio en ln̕ea)
|
| 856 |
4 |
0 |
|u https://app.vlex.com/#/sources/35851
|z Acceso restringido
|
| 942 |
|
|
|c BOOK
|
| 999 |
0 |
|
|a Economy and business
|